<?xml version="1.0" encoding="UTF-8"?>
<record
    xmlns:xsi="http://www.w3.org/2001/XMLSchema-instance"
    xsi:schemaLocation="http://www.loc.gov/MARC21/slim http://www.loc.gov/standards/marcxml/schema/MARC21slim.xsd"
    xmlns="http://www.loc.gov/MARC21/slim">

  <leader>01652cgm a22003977a 4500</leader>
  <controlfield tag="005">20140310154248.0</controlfield>
  <controlfield tag="007">vd cgaizm</controlfield>
  <controlfield tag="008">140306t2007    xxu111 e ||||  0| vceng d</controlfield>
  <datafield tag="020" ind1=" " ind2=" ">
    <subfield code="a">7321900736626</subfield>
  </datafield>
  <datafield tag="082" ind1="0" ind2="4">
    <subfield code="2">22</subfield>
    <subfield code="a">791.4372</subfield>
    <subfield code="b">THR</subfield>
  </datafield>
  <datafield tag="245" ind1="0" ind2="0">
    <subfield code="a">300</subfield>
    <subfield code="h">[videorecording] /</subfield>
    <subfield code="c">Warner Bros. Pictures, Legendary Pictures and Virtual Studios, a Mark Canton / Gianni Nunnari production, a Zack Snyder film ; produced by Gianni Nunnari ... [et al.] ; screenplay by Zack Snyder &amp; Kurt Johnstad and Michael B. Gordon ; directed by Zack Snyder.</subfield>
  </datafield>
  <datafield tag="246" ind1="3" ind2=" ">
    <subfield code="a">Three hundred</subfield>
  </datafield>
  <datafield tag="250" ind1=" " ind2=" ">
    <subfield code="a">2.40 : 1 Widescreen.</subfield>
  </datafield>
  <datafield tag="260" ind1=" " ind2=" ">
    <subfield code="a">[California, United States] :</subfield>
    <subfield code="b">Warner Bros. Entertainment Inc.,</subfield>
    <subfield code="c">c.2007.</subfield>
  </datafield>
  <datafield tag="300" ind1=" " ind2=" ">
    <subfield code="a">1 videodisc (111 min.) :</subfield>
    <subfield code="b">sd., col. ;</subfield>
    <subfield code="c">4 3/4 in.</subfield>
  </datafield>
  <datafield tag="508" ind1=" " ind2=" ">
    <subfield code="a">Director of photography Larry Fong ; editor William Hoy ; music Tyler Bates.</subfield>
  </datafield>
  <datafield tag="511" ind1=" " ind2=" ">
    <subfield code="a">Gerard Butler, Lena Headey, David Wenham.</subfield>
  </datafield>
  <datafield tag="521" ind1=" " ind2=" ">
    <subfield code="a">Suitable only for persons of 15 years and over.</subfield>
  </datafield>
  <datafield tag="650" ind1=" " ind2="0">
    <subfield code="a">Thermopylae, Battle of, Greece, 480 B.C.</subfield>
    <subfield code="v">Drama</subfield>
    <subfield code="9">35436</subfield>
  </datafield>
  <datafield tag="653" ind1=" " ind2=" ">
    <subfield code="b">GGEN</subfield>
    <subfield code="c">March2014</subfield>
  </datafield>
  <datafield tag="700" ind1="1" ind2=" ">
    <subfield code="a">Wenham, David,</subfield>
    <subfield code="9">35437</subfield>
  </datafield>
  <datafield tag="700" ind1="1" ind2=" ">
    <subfield code="a">Headey, Lena,</subfield>
    <subfield code="9">35438</subfield>
  </datafield>
  <datafield tag="700" ind1="1" ind2=" ">
    <subfield code="a">Butler, Gerard,</subfield>
    <subfield code="9">35439</subfield>
  </datafield>
  <datafield tag="700" ind1="1" ind2=" ">
    <subfield code="a">Bates, Tyler</subfield>
    <subfield code="9">35440</subfield>
  </datafield>
  <datafield tag="700" ind1="1" ind2=" ">
    <subfield code="a">Hoy, William</subfield>
    <subfield code="9">35441</subfield>
  </datafield>
  <datafield tag="700" ind1="1" ind2=" ">
    <subfield code="a">Fong, Larry</subfield>
    <subfield code="9">35442</subfield>
  </datafield>
  <datafield tag="700" ind1="1" ind2=" ">
    <subfield code="a">Snyder, Zack</subfield>
    <subfield code="9">35443</subfield>
  </datafield>
  <datafield tag="700" ind1="1" ind2=" ">
    <subfield code="a">Gordon, Michael B.,</subfield>
    <subfield code="9">35444</subfield>
  </datafield>
  <datafield tag="700" ind1="1" ind2=" ">
    <subfield code="a">Johnstad, Kurt</subfield>
    <subfield code="9">35449</subfield>
  </datafield>
  <datafield tag="700" ind1="1" ind2=" ">
    <subfield code="a">Nunnari, Gianni,</subfield>
    <subfield code="9">35450</subfield>
  </datafield>
  <datafield tag="700" ind1="1" ind2=" ">
    <subfield code="a">Canton, Mark,</subfield>
    <subfield code="9">35451</subfield>
  </datafield>
  <datafield tag="710" ind1="2" ind2=" ">
    <subfield code="a">Virtual Studios</subfield>
    <subfield code="9">35452</subfield>
  </datafield>
  <datafield tag="710" ind1="2" ind2=" ">
    <subfield code="9">35288</subfield>
    <subfield code="a">Legendary Pictures</subfield>
  </datafield>
  <datafield tag="710" ind1="2" ind2=" ">
    <subfield code="9">35255</subfield>
    <subfield code="a">Warner Bros. Pictures (1969- )</subfield>
  </datafield>
  <datafield tag="942" ind1=" " ind2=" ">
    <subfield code="2">ddc</subfield>
    <subfield code="c">DVD</subfield>
    <subfield code="k">791.4372 THR</subfield>
  </datafield>
  <datafield tag="999" ind1=" " ind2=" ">
    <subfield code="c">18096</subfield>
    <subfield code="d">18068</subfield>
  </datafield>
  <datafield tag="952" ind1=" " ind2=" ">
    <subfield code="0">0</subfield>
    <subfield code="1">0</subfield>
    <subfield code="2">ddc</subfield>
    <subfield code="3">Lost In Inventory_2018-08-12</subfield>
    <subfield code="4">0</subfield>
    <subfield code="7">0</subfield>
    <subfield code="8">Baccah</subfield>
    <subfield code="a">MAIN</subfield>
    <subfield code="b">MAIN</subfield>
    <subfield code="c">2ND</subfield>
    <subfield code="d">2014-03-09</subfield>
    <subfield code="g">138.00</subfield>
    <subfield code="l">0</subfield>
    <subfield code="o">791.4372 THR</subfield>
    <subfield code="p">000035675</subfield>
    <subfield code="r">2019-08-04 00:00:00</subfield>
    <subfield code="v">172.50</subfield>
    <subfield code="y">CDVDMOV</subfield>
  </datafield>
</record>
